000 00444nam a2200181Ia 4500
001 3338
005 20260306145636.0
008 260306t2004||||xx |||||||||||||| ||spa||
041 _aESP
082 _a270
_bG24 T. 5
100 _aLaboa, Juan María
_eAUT
245 0 _aHistoria de la iglesia católica:
_bedad contemporánea
260 _c2004
300 _apágs. :
_c20 cm.
650 _aGEN
654 _aCHU
942 _cLIB
_dJUS
_fJUS
_2ddc
_n
999 _c3338
_d3338